Membres de l'UE - Mort subite - Statistiques

Statistiques générales
  • Ce quiz a été pris 619 fois
  • Le résultat moyen est 13 sur 27
Answers on the Grid
Answers color-coded by a green-red scale on the quiz's grid according to % correct below.
Albanie
Allemagne
Andorre
Autriche
Belgique
Biélorussie
Bulgarie
Chypre
Croatie
Danemark
Espagne
Estonie
Finlande
France
Grèce
Hongrie
Irlande
Islande
Italie
Lettonie
Liechtenstein
Lituanie
Luxembourg
Macédoine du Nord
Malte
Moldavie
Monaco
Monténégro
Norvège
Pays-Bas
Pologne
Portugal
République tchèque
Roumanie
Royaume-Uni
Russie
Saint-Marin
Serbie
Slovaquie
Slovénie
Suède
Suisse
Turquie
Ukraine
Vatican
 
Statistiques - réponses
Réponse % Correct
Allemagne
96%
Belgique
75%
Espagne
74%
France
74%
Autriche
66%
Italie
66%
Grèce
60%
Croatie
59%
Danemark
57%
Irlande
50%
Pays-Bas
50%
Hongrie
47%
Pologne
47%
Portugal
47%
Estonie
46%
Finlande
44%
Luxembourg
43%
Bulgarie
41%
Lettonie
37%
Lituanie
37%
Suède
36%
Chypre
34%
République tchèque
32%
Roumanie
32%
Malte
30%
Slovaquie
29%
Slovénie
29%
Aucun quiz correspondant
Distribution des résultats
% des personnes avec chaque résultat
Percentile par nombre de réponses
Votre historique - résultats
Vous n’avez pas pris ce quiz